MDQL
is popping MORE tags! Check the
thread
!
Quizzes
Events
Quiz Creation
Community
Videos
Private Events
Remove Ads
Sign In
Join for FREE
Feedback
Dark Mode
Quiz Categories
Sports
Geography
Music
Movies
Television
Just For Fun
Miscellaneous
History
Literature
Language
Science
Gaming
Entertainment
Religion
Holiday
For Kids
Quiz Lab
Recent
Popular Today
Quiz Kudos Today
Editor Picks
Curator Picks
Quizzes by...
Day
Popularity
Type
Ratings
Length
Year
Community
Subscriptions
Recent Discussions
Orange Saloon
Badges
Playlists
Quests
Create
Leaderboards
Showdown
Live 5
Trivia Bingo
Activity
Puzzle Library
Sporcle Events
Private Events
Virtual Trivia
Globe League
Become a Host
Pub Owners
SporcleCon
Opinionation
Our Games
Videos
Blog
Mobile Apps
Partnerships
Remove Ads and Go Orange
Feedback
Science
Computer
Plants
Astronomy
Chemistry
Elements
Math
Animal
Physics
Anatomy
Biology
Geology
General Science
Science
Computer
Plants
Astronomy
Chemistry
Elements
Math
Animal
Physics
Anatomy
Biology
Geology
General Science
Random Quiz
Search Sporcle
×
Quiz Lab
Quiz Lab
Science
Operating
Type in answers that appear in a list
Type in answers that appear in a list
Classic
Best Score? Go Orange.
Operating systems Stats
Can you name the Operating systems ?
By
stephcir
7m
25 Questions
16 Plays
16 Plays
16 Plays
Comments
Comments
Give Quiz Kudos
Give Quiz Kudos
-
- Ratings
hide this ad
Random Order
Randomize order of answers
Randomize order of answers
Replay
Link that replays current quiz
Next Quiz
Link to next quiz in quiz playlist
You Got
0%
They Got
Avg Score
26%
Avg Friend Score
Upgrade to see
Score Distribution
Jump to the score distribution portion of the page
Score
0/25
Timer
07:00
0
Plays Today
question
answer
% Correct
What company's operating system code names have included 'Cheetah,' 'Puma,' and 'Panther?'
Apple
62.5%
Which operating system is OS X a part of?
Apple
62.5%
What year did Windows Longhorn switch to Vista?
2005
43.8%
What year was the final year of Windows NT?
1996
43.8%
How long can you run a trial version until you need to enter a product key?
30 days
43.8%
What year did the first version of Windows come out?
1985
37.5%
What does 'DOS' stand for?
Disk Operating System
37.5%
What year did Windows 3 come out?
1990
37.5%
What year did Windows 2 come out?
1987
31.3%
How many terrybytes can 'NTFS' hold
16
25%
How long did it take for Windows 95 to sell one million copies?
4 days
25%
What is the name of the feature that allows computer hardwar to communicate and operate with the computer software?
Operating System
25%
How many different versions of Windows 98 were there?
2
25%
question
answer
% Correct
What does the 'NT' stand for in Windows NT?
New Technology
25%
What does 'UPS' stand for?
Uninterruptable Power Supply
18.8%
What month in 2009 was Windows 7 released?
October
18.8%
Which version of Windows XP is designed for business/
power users?
XP Pro
18.8%
Which version of Windows XP is designed for home users?
XP Home
18.8%
What is the feature called to allow another user to view and control your computer from a different location?
Remote Assistance
12.5%
What is the term called when you load an operating system?
Boot
12.5%
If for instance the power goes out and your computer shuts off, what function of the computer will help with shutting off your computer in a safe way?
UPS
6.3%
What does 'NTFS' stand for?
New Technology File System
6.3%
What does 'CE' stand for in certain editions in Windows?
Compact Edition
6.3%
What is the maximum allowed Harddrive space for the 'FAT' to read it?
32gb
6.3%
What does 'FAT' stand for?
File Allication Table
0%
Quiz Playlist
Details
Report
Send in Message
Add To Playlist
Classic:
Type in answers that appear in a list
Random Order:
Randomize order of answers
Last Updated: Feb 16, 2017
Quiz Scoreboard
CHALLENGE
Sign Up to Join the Scoreboard
Show All
Scores
Hide
Comments
May contain spoilers
Recently Published
Image Sorting: Flags VI
by Barbecue
Geography
2m
Find the 'City' Movie
by crazypaving
Movies
60s
Colored Red Africa Blitz
by spor1
Geography
45s
More to Explore
Quiz From the Vault
Featured Blog Post
14 Easter Pick-up Lines to Find Eggs With
hide this ad
You Might Also Like...
Tags
Operating
System
Today's Top Quizzes in Science
Browse Science
hide this ad
Top Contributed Quizzes in Science
1
Windmill: Elements
2
200 Vogels in Nederland
3
Square Numbers Scrambled (1-50)
4
Count to 60
5
Glycolysis
6
Elements In Images
7
17 TIMES TABLE
8
4-letter Elementary Words III
9
The First 100 Digits of Pi
10
Astronomy Spelling Bee
Explore More
Trending Topics
Anime
Kpop
Crossword
Marvel
Harry Potter
NBA
Disney
Country
The Office
Soccer
Song
NFL
Puzzle
WWE
Pokémon
hide this ad
More By:
stephcir
Quiz
Plays
Rating
Category
Featured
Created
Operating systems
16
Science
Jan 13, 2011
Go to Creator's Profile
Score Distribution
Quiz Creator Spotlight
stephcir
Follow
Send a Message
Quizzes Created
-
Created Quiz Play Count
-
More By This Creator
Popular Quizzes Today
1
Colored Red Africa Blitz
2
Find the US States - No Outlines Minefield
3
Find the 'City' Movie
4
5x2 Blitz: Bands
5
The Countries of the World
6
Find the US States
7
Find the Countries of Europe - No Outlines Minefield
8
US States
More Science Quizzes
Quick Pick: Parts of the Psyche
Curator's Pick
Trending Quizzes
Colored Red Europe Blitz I
Colored Red Europe Blitz II
Colored Red Africa Blitz II
Colored Red Europe Blitz III
Colored Red Africa Blitz III
Recently Updated
How Do You Spell That?
pecheneg
Godzilla Movies
pecheneg
Grab Bag: 4-10 Letters
pecheneg
2024 March Madness Bracket
pecheneg
Famous TV Couples
Peacemaker
Champions League XIs: Real Madrid
pecheneg
Largest US Cities 1790-2010
pecheneg
Rides in Walt Disney World
pecheneg
Most Oscar Losses (Acting)
pecheneg
Beyoncé Albums
pecheneg
Trending Topics
Kpop
Anime
Disney
Marvel
NBA
Harry Potter
Crossword
NFL
Country
Puzzle
Soccer
Pokémon
Song
WWE
The Office
Your Account Isn't Verified!
In order to create a playlist on Sporcle, you need to verify the email address you used during registration. Go to your
Sporcle Settings
to finish the process.
Report this User
Report this user for behavior that violates our
Community Guidelines
.
Details:
Send Report
Go to the Sporcle.com Mobile Site →
Comments